Reconsidering price projections for selected grades of Douglas-fir, coast hem-fir, inland hem-fir, and ponderosa pine lumber /

Bibliographic Details
Main Author: Haynes, Richard W.
Corporate Author: Pacific Northwest Research Station (Portland, Or.)
Other Authors: Fight Roger D.
Format: Government Document Microform Book
Language:English
Published: Portland, OR : U.S. Dept. of Agriculture, Forest Service, Pacific Northwest Research Station, [2004]
Series:Research paper PNW ; 561.
Subjects:
Online Access:https://purl.fdlp.gov/GPO/LPS56060

MARC

Tag First Indicator Second Indicator Subfields
LEADER 00000cam a2200000Ia 4500
001 in00002017397
005 20211202202823.0
007 he bmb024bbca
008 041202s2004 orua bb f000 0 eng d
035 |a (OCoLC)ocm57185461 
040 |a GPO  |c GPO  |d MvI  |d UtOrBLW 
043 |a n-usp-- 
049 |a UMIC 
049 |a WWW 
074 |a 0083-B (MF) 
074 |a 0083-B (online) 
086 0 |a A 13.78:PNW-RP-561 
100 1 |a Haynes, Richard W. 
245 1 0 |a Reconsidering price projections for selected grades of Douglas-fir, coast hem-fir, inland hem-fir, and ponderosa pine lumber /  |c Richard W. Haynes and Roger D. Fight. 
264 1 |a Portland, OR :  |b U.S. Dept. of Agriculture, Forest Service, Pacific Northwest Research Station,  |c [2004] 
300 |a 31 pages :  |b illustrations ;  |c 28 cm. 
336 |a text  |b txt  |2 rdacontent 
337 |a microform  |b h  |2 rdamedia 
338 |a microfiche  |b he  |2 rdacarrier 
490 1 |a Research paper PNW ;  |v RP-561 
500 |a Cover title. 
500 |a "June 2004." 
500 |a Shipping list number: 2005-0044-M. 
500 |a Shipping List Date: 11/30/2004 
504 |a Includes bibliographical references (pages 20-22). 
530 |a Also available via Internet from the Forest Service web site. Address as of 12/8/04: http://www.fs.fed.us/pnw/pubs/pnw%5Frp561.pdf; current access is available via PURL. 
533 |a Microfiche.  |b [Washington, D.C.] :  |c Supt. of Docs., U.S. G.P.O.,  |d 2004  |e 1 microfiche : negative. 
500 |a Microform. 
650 0 |a Douglas fir. 
650 0 |a Lumber  |x Prices. 
650 0 |a Forests and forestry  |x Economic aspects. 
650 0 |a Lumber trade  |x Economic aspects. 
700 1 |a Fight Roger D. 
710 2 |a Pacific Northwest Research Station (Portland, Or.) 
830 0 |a Research paper PNW ;  |v 561. 
856 4 1 |u https://purl.fdlp.gov/GPO/LPS56060  |t 0 
999 |a MARS 
999 f f |s 66f2ccd4-001d-3b06-8414-5ab1e0f9d312  |i a9120f4b-8211-3e4a-a5f9-02f7cca921fd  |t 0 
952 f f |p normal  |a Texas A&M University  |b College Station  |c Sterling C. Evans Library  |d Evans: US Documents Microfiche (3rd floor)  |t 0  |e A 13.78:PNW-RP-561  |h Superintendent of Documents classification  |i microform -- microfiche  |m A14832121059 
952 f f |a Texas A&M University  |b College Station  |c Electronic Resources  |d Available Online  |t 0  |e A 13.78:PNW-RP-561  |h Superintendent of Documents classification 
998 f f |a A 13.78:PNW-RP-561  |t 0  |l Available Online 
998 f f |a A 13.78:PNW-RP-561  |t 0  |l Evans: US Documents Microfiche (3rd floor)